Html 4.0 : no experience required (Record no. 3819)

000 -LEADER
fixed length control field 00622nam a2200217 a 4500
003 - CONTROL NUMBER IDENTIFIER
control field PK-NaQUE
005 - DATE AND TIME OF LATEST TRANSACTION
control field 20250325090542.0
008 - FIXED-LENGTH DATA ELEMENTS--GENERAL INFORMATION
fixed length control field 250325b ||||| |||| 00| 0 eng d
020 ## - INTERNATIONAL STANDARD BOOK NUMBER
International Standard Book Number 0782121438 (paperback)
020 ## - INTERNATIONAL STANDARD BOOK NUMBER
International Standard Book Number 9780782121438 (paperback)
040 ## - CATALOGING SOURCE
Transcribing agency QUEST
082 ## - DEWEY DECIMAL CLASSIFICATION NUMBER
Classification number 004.678MAC
100 1# - MAIN ENTRY--PERSONAL NAME
Personal name MacK, E. Stephen.
245 10 - TITLE STATEMENT
Title Html 4.0 : no experience required
260 ## - PUBLICATION, DISTRIBUTION, ETC. (IMPRINT)
Place of publication, distribution, etc San Francisco
Name of publisher, distributor, etc Sybex Inc,
Date of publication, distribution, etc 1998.
300 ## - PHYSICAL DESCRIPTION
Extent 677 p. ;
650 ## - SUBJECT ADDED ENTRY--TOPICAL TERM
Topical term or geographic name as entry element HTML (Document markup language)
700 1# - ADDED ENTRY--PERSONAL NAME
Personal name Platt, Janan.
856 40 - ELECTRONIC LOCATION AND ACCESS
Uniform Resource Identifier http://10.10.170.122:8080/browse/book/26938
Link text Download eBook
942 ## - ADDED ENTRY ELEMENTS (KOHA)
Koha item type Books
Source of classification or shelving scheme
Holdings
Withdrawn status Lost status Damaged status Not for loan Permanent Location Current Location Date acquired Total Checkouts Full call number Barcode Date last seen Date checked out Price effective from Koha item type Source of classification or shelving scheme Collection code Shelving location
        Central Library, QUEST, Nawabshah Central Library, QUEST, Nawabshah 2014-05-21 1 004.678MAC 25118 2017-11-14 2017-10-31 2014-05-21 Books      
        Reference Section Reference Section 2014-05-21   005.72 MAC (Shelf - 12B) 25119 2014-05-21     Books   Reference Reference

Copyright © 2018,The QUEST, Nawabshah, Shaheed Benazirabad. All rights reserved
Mr. G. Farooq Channar (Librarian) QUEST, Nawabshah, Sindh, Pakistan 67480.
 Ph#: |   0244-9370381-4 Ext. 2308   Email| lib@quest.edu.pk   Web|  http://www.quest.edu.pk